000 01413nam a2200337 i 4500
003 EG-GICUC
005 20260316234026.0
008 260316s2006 ua ||||fr|||| 00| 0 ara d
017 _a2004/4286
020 _a977-04-4424-3
040 _a EG-GICUC
_bara
_c EG-GICUC
_d EG-GICUC
_erda
041 0 _aara
082 0 4 _221
_a345.822231
_bم ح . ا
092 0 4 _221
099 _aLaw1 07 345.822231 م ح . ا 2 ed - 2006
100 0 _aمحمد صلاح عبد البديع السيد
_eمؤلف.
245 1 0 _aالاتجاهات الحديثة للقضاء الإدارى في الرقابة على ملاءمة قرارات نزع الملكية للمنفعة العامة :
_bدراسة مقارنة /
_cدكتور محمد صلاح عبد البديع السيد.
250 _aالطبعة الثانية
264 1 _aالقاهرة :
_bدار النهضة العربية،
_c2006
300 _a165 ؛ صفحة
_c24 سم.
336 _2rda content
_atext
337 _2rda media
_aComputer
338 _2rda carrier
_aOnline Resource
504 _a.157-165ببليوجرافيا: صفحات
546 _aالنص باللغة العربية
650 1 4 _aالقانون الإداري
650 1 4 _aالاختصاص في مجال نزع الملكية للمنفعة العامة
856 4 0 _uhttps://fll.law.cu.edu.eg/fulltext/bks/B07-03728.pdf
905 _a77
942 _2ddc
_n0
_cBK
_e21
999 _c66387
_d66387